The case of the missing £1bn (Record no. 72210)

MARC details
000 -LEADER
fixed length control field 00903cam a2200217 4500
001 - CONTROL NUMBER
control field WB3909-03
008 - FIXED-LENGTH DATA ELEMENTS--GENERAL INFORMATION
fixed length control field 030304n2003 000 0 eng u
035 ## - SYSTEM CONTROL NUMBER
System control number (Sirsi) u121505
245 #4 - TITLE STATEMENT
Title The case of the missing £1bn
260 ## - PUBLICATION, DISTRIBUTION, ETC.
Date of publication, distribution, etc. 2003
490 ## - SERIES STATEMENT
Series statement Building Design
Volume/sequential designation (1568) 28 February 2003, 10(1)
520 ## - SUMMARY, ETC.
Summary, etc. According to the new BRE report, poor workmanship and poor communication between architects, builders and supervisors, wastes £1bn a year. "Construction site communication", which condemns day-to-day professional practices on building sites, is available from http://www.brebookshop.com or +44 (0)20 7505 6622. Also available via RICS Books, http://www.ricsbooks.com
590 ## - LOCAL NOTE (RLIN)
Local note WB
650 ## - SUBJECT ADDED ENTRY--TOPICAL TERM
Topical term or geographic name entry element BUILDING SITES
650 ## - SUBJECT ADDED ENTRY--TOPICAL TERM
Topical term or geographic name entry element REPAIRS
650 ## - SUBJECT ADDED ENTRY--TOPICAL TERM
Topical term or geographic name entry element WORKMANSHIP
650 ## - SUBJECT ADDED ENTRY--TOPICAL TERM
Topical term or geographic name entry element PROFESSIONAL PRACTICES
650 ## - SUBJECT ADDED ENTRY--TOPICAL TERM
Topical term or geographic name entry element SKILLS SHORTAGES
690 ## - LOCAL SUBJECT ADDED ENTRY--TOPICAL TERM (OCLC, RLIN)
Topical term or geographic name as entry element BUILT ENVIRONMENT
942 ## - ADDED ENTRY ELEMENTS (KOHA)
Suppress in OPAC 0
Holdings
Withdrawn status Lost status Source of classification or shelving scheme Damaged status Not for loan Home library Current library Shelving location Date acquired Total Checkouts Full call number Barcode Date last seen Copy number Price effective from Koha item type
    Dewey Decimal Classification     London London News article 04/03/2003   WB3909-03 121505-1001 06/08/2019 1 06/08/2019 News article